|
|
|
|
| LEADER |
00000nam2a2200000 4500 |
| 001 |
136871 |
| 005 |
20231101220639.0 |
| 035 |
|
|
|a (RuTPU)RU\TPU\book\148352
|
| 035 |
|
|
|a RU\TPU\book\131455
|
| 090 |
|
|
|a 136871
|
| 100 |
|
|
|a 20080429d1987 k y0rusy5003 ca
|
| 101 |
0 |
|
|a rus
|
| 102 |
|
|
|a UA
|
| 105 |
|
|
|a a z 001zy
|
| 200 |
0 |
|
|a Вып. 37
|f отв. ред. А. В. Скороход
|
| 210 |
|
|
|d 1987
|
| 215 |
|
|
|a 136 с.
|c ил.
|
| 320 |
|
|
|a Библиогр. в конце ст.
|
| 461 |
|
1 |
|0 (RuTPU)RU\TPU\book\148339
|t Теория вероятностей и математическая статистика
|o республиканский межведомственный научный сборник
|f Киевский государственный университет
|v Вып. 37
|d 1970-1991
|
| 606 |
|
|
|a Вероятностей теория и математическая статистика
|2 stltpush
|3 (RuTPU)RU\TPU\subj\2260
|9 30847
|
| 610 |
1 |
|
|a теория вероятностей
|
| 610 |
1 |
|
|a математическая статистика
|
| 610 |
1 |
|
|a переключающиеся процессы
|
| 610 |
1 |
|
|a предельные теоремы
|
| 610 |
1 |
|
|a случайные величины
|
| 610 |
1 |
|
|a статистическое оценивание
|
| 610 |
1 |
|
|a мартингалы
|
| 610 |
1 |
|
|a равномерная интегрируемость
|
| 610 |
1 |
|
|a марковские моменты
|
| 610 |
1 |
|
|a геометрическая асимптотика
|
| 610 |
1 |
|
|a одномерные непрерывные процессы
|
| 675 |
|
|
|a 519.2
|z rus
|v 3
|
| 702 |
|
1 |
|a Скороход
|b А. В.
|g Анатолий Владимирович
|4 340
|
| 801 |
|
0 |
|a RU
|b 63413507
|c 19950704
|g psbo
|
| 801 |
|
1 |
|a RU
|b 63413507
|c 20070913
|g PSBO
|
| 801 |
|
2 |
|a RU
|b 63413507
|c 20170327
|g PSBO
|
| 942 |
|
|
|c BK
|